000 00256nam a2200109 a 4500
001 4140
005 20140414131853.0
008 090218s19uu xx 00 eng d
050 _aM 741.01
_bGa1 1996
245 _a"I can draw" big machines.
999 _c110310
_d110310